| 000 | 01245nam a22003257a 4500 | ||
|---|---|---|---|
| 001 | 8625 | ||
| 003 | FISKH | ||
| 005 | 20251007092217.0 | ||
| 008 | 251007b cb ||||| |||| 00| 0 eng d | ||
| 020 | _a9780531223536 | ||
| 040 |
_aFISKH _beng _cFISKH _dFISKH |
||
| 050 | _aTL540.W7 V458 | ||
| 082 | _a629.130092 | ||
| 100 | _aVenezia, Mike | ||
| 245 |
_aThe wright brothers : _binventors whose ideas really took flight / _cWritten and illustrated by Mike Venezia |
||
| 260 |
_aNew York : _bChildren's Press , _c2010. |
||
| 300 |
_a32 pages : _bcolor illustrations ; _c24 cm . |
||
| 490 | _aGetting to Know the World's Greatest Inventors & Scientists | ||
| 505 | _aZ | ||
| 520 | _aAn introduction to the lives and careers of brothers Wilbur and Orville Wright, who built and flew the first successful powered airplane. | ||
| 521 | 8 |
_a940
_bLexile |
|
| 521 | 8 |
_aZ
_bRaz-Plus |
|
| 650 |
_aWright, Wilbur, 1867-1912 _vJuvenile Literature |
||
| 650 |
_aWright, Orville, 1871-1948 _vJuvenile Literature |
||
| 650 |
_aAeronautics-United States-Biography _vJuvenile Literature |
||
| 650 |
_aAeronautics-United States-History _vJuvenile Literature |
||
| 700 | _aVenezia, Mike | ||
| 942 |
_2ddc _cBK _n0 |
||
| 999 |
_c8625 _d8625 |
||